000 00738nam a2200241 4500
001 1085
003 BD-RjUL
005 20211208233255.0
008 131124s1999 ii d|||| |||| 001 0 eng d
020 _a8185070636
035 _a(BD-RjUL)1107
040 _aBD-RjUL
_beng
_cBD-RjUL
041 _aeng
082 0 4 _223
_a025.00285
_bPAI 1999
100 1 _aPanda, K.C.
_93199
245 1 0 _aIn'fo technology (IT) on the crossroad :
_bfrom ab'acus to internet /
_cK.C. Panda, J.N. Gautam.
260 _aAgra :
_bY.K. Publishers,
_cc1999.
300 _axxx, 272 p. :
_bill. ;
_c22 cm.
504 _aIncludes bibliography and index.
650 0 _aLibraries
_93200
_xInformation technology.
700 1 _aGautam, J.N.
_cDr.
_93201
942 _2ddc
_cBK
999 _c1085
_d1085